00742nam a22001457a 4500008004100000020001500041050001800056100002300074245004400097250000900141260004700150300002400197500002000221505035500241150813b xxu||||| |||| 00| 0 eng d a0421286008 aKD2227.C5(2e) aCHESTERMAN,Micheal aSmall Businesses.cMiecheal chesterman. a2nd. aLondon.:bLondon sweet and maxwell,c1982. aViii,288pgs.c18cm. aIncludes index. aContents:Historical introduction to small business -- Small firms and legal structure -- Incorporation by small firms -- Suppliers of finance -- Insolvency and the rights of creditors -- Deadlocks and squeeze-outs -- Dismissed directors -- Periods of transition in small firms -- Changes to the legal regulation of small firms -- Appendix -- Index.